000 00954nam a22002897a 4500
001 7912
003 FISKH
005 20250813124721.0
008 250813b cb ||||| |||| 00| 0 eng d
020 _a0216912849
040 _aFISKH
_beng
_cFISKH
_dFISKH
050 _aPZ7.H1263 L
082 _a823
100 _aHaigh, Sheila
245 _aThe little gymnast /
_cBy Sheila Haigh
250 _aThis edition first published in 1982
260 _aLondon :
_bBlackie,
_c1982
300 _a102 pages :
_c21 cm
505 _aT
520 _aWith a lot of work and determination, Anda becomes the best gymnast in her class but family money is tight and she must win the regional championship and the accompanying scholarship or give up gymnastics completely.
521 8 _a800
_bLexile
521 8 _aT
_bRaz-Plus
650 _2Realistic fiction
_aSports
650 _2Children's
_aRead and Donated
942 _2ddc
_cBK
_n0
999 _c7912
_d7912